000 00388nam a22001697a 4500
003 MPLRDC
005 20220104144126.0
008 210129b ||||| |||| 00| 0 eng d
082 _a876 BEZK-7
100 _a巴尔扎克著
245 _a发明家的苦恼
_c
250 _a初版
260 _a
_b建文书局出版
_c1959
300 _b
650 _a
942 _cBK
_o876 BEZK-7
999 _c46619
_d46609